| Tag |
First Indicator |
Second Indicator |
Subfields |
| LEADER |
00000cam a22000001a 4500 |
| 001 |
in00002834311 |
| 005 |
20190331175222.0 |
| 006 |
m o d |
| 007 |
cr bn mmmapmmp |
| 008 |
110609s1999 dcu o f000 0 eng d |
| 035 |
|
|
|a cis2004636561
|
| 040 |
|
|
|a ProQuest
|c ProQuest
|d UtOrBLW
|
| 043 |
|
|
|a n-us---
|
| 086 |
0 |
|
|a Y 1.1/8:106-270
|
| 099 |
|
|
|a ProQuest Serial Set Number 14598 H.rp.270
|
| 110 |
1 |
|
|a United States.
|b Congress.
|b House.
|b Committee on the Judiciary.
|
| 245 |
1 |
0 |
|a Payments for Certain Survivors of Armed Forces Members and Federal Civilian Employees Killed When 2 U.S. Helicopters Were Shot Down over Iraq in April 1994.
|
| 264 |
|
1 |
|a Washington :
|b [publisher not identified],
|c 1999.
|
| 300 |
|
|
|a 1 online resource.
|
| 336 |
|
|
|a text
|b txt
|2 rdacontent
|
| 337 |
|
|
|a computer
|b c
|2 rdamedia
|
| 338 |
|
|
|a online resource
|b cr
|2 rdacarrier
|
| 490 |
0 |
|
|a H. Rpt. 106-270
|
| 500 |
|
|
|a Record is based on bibliographic data in ProQuest U.S. Serial Set Digital Collection (last viewed June 2011). Reuse except for individual research requires license from ProQuest, LLC.
|
| 510 |
3 |
|
|a ProQuest U.S. Serial Set Digital Collection
|
| 500 |
|
|
|a Electronic resource.
|
| 650 |
|
0 |
|a Air warfare.
|
| 650 |
|
0 |
|a Armies.
|
| 651 |
|
0 |
|a Iraq.
|
| 655 |
|
7 |
|a Electronic books.
|2 local
|
| 710 |
2 |
|
|a ProQuest (Firm)
|
| 830 |
|
0 |
|a United States congressional serial set.
|
| 856 |
4 |
0 |
|u http://proxy.library.tamu.edu/login?url=http://congressional.proquest.com/congcomp/getdoc?SERIAL-SET-ID=14598+H.rp.270
|z Connect to the full text of this electronic book
|t 0
|
| 999 |
|
|
|a MARS
|
| 999 |
f |
f |
|s 0bfab498-b10a-3a31-88c8-b61cf5b4a34d
|i 2e520379-90a7-3366-b9ff-e8a7c62630dc
|t 0
|
| 952 |
f |
f |
|a Texas A&M University
|b College Station
|c Electronic Resources
|d Available Online
|t 0
|e ProQuest Serial Set Number 14598 H.rp.270
|h Other scheme
|
| 998 |
f |
f |
|a ProQuest Serial Set Number 14598 H.rp.270
|t 0
|l Available Online
|